[Event "SUI-ch U14"]
[Site "Biel"]
[Date "2022.07.20"]
[Round "5"]
[White "Breyer, Philippe"]
[Black "Haas, Anthony"]
[Result "1-0"]
[WhiteElo "1743"]
[BlackElo "1638"]
[PlyCount "65"]
[EventDate "2022.07.18"]
[EventType "swiss"]
[EventRounds "7"]
[EventCountry "SUI"]
[SourceTitle "EXT 2023"]
[Source "ChessBase"]
[SourceDate "2022.10.05"]
[SourceVersion "1"]
[SourceVersionDate "2022.10.05"]
[SourceQuality "1"]

1. e4 e5 2. Nf3 Nf6 3. Nxe5 d6 4. Nf3 Nxe4 5. Nc3 Nxc3 6. dxc3 Be7 7. Be3 0-0 8. Qd2 Nd7 9. 0-0-0 c6 10. h4 d5 11. h5 Nc5 12. h6 g6 13. c4 Ne4 14. Qe1 Be6 15. cxd5 cxd5 16. Nd4 Bg5 17. Bd3 Nc5 18. Kb1 Nxd3 19. Rxd3 Re8 20. Qd2 Bxe3 21. Rxe3 Qd7 22. Rhe1 Rac8 23. Qe2 Qa4 24. Nxe6 fxe6 25. Rxe6 Kf8 26. Qf3+ Kg8 27. Rxe8+ Rxe8 28. Qxd5+ Kf8 29. Rxe8+ Qxe8 30. Qf3+ Kg8 31. a3 Qe1+ 32. Ka2 Qe6+ 33. b3 1-0

[Event "SUI-ch U14"]
[Site "Biel"]
[Date "2022.07.19"]
[Round "3"]
[White "Breyer, Philippe"]
[Black "Malli, Suvirr"]
[Result "1-0"]
[WhiteElo "1743"]
[BlackElo "1957"]
[PlyCount "63"]
[EventDate "2022.07.18"]
[EventType "swiss"]
[EventRounds "7"]
[EventCountry "SUI"]
[SourceTitle "EXT 2023"]
[Source "ChessBase"]
[SourceDate "2022.10.05"]
[SourceVersion "1"]
[SourceVersionDate "2022.10.05"]
[SourceQuality "1"]

1. e4 c5 2. Nf3 Nc6 3. Nc3 Nf6 4. e5 Ng4 5. Qe2 Qc7 6. Nd5 Qb8 7. d3 e6 8. h3 Ngxe5 9. Nxe5 Nxe5 10. f4 Nc6 11. c3 Bd6 12. g3 0-0 13. Ne3 Bc7 14. Bg2 d5 15. 0-0 b5 16. Qg4 Qb6 17. f5 Ne5 18. Qe2 Bb7 19. f6 gxf6 20. Ng4 Nxg4 21. Qxg4+ Kh8 22. Rxf6 Rg8 23. Qh5 Rg7 24. Rxf7 Rag8 25. Rxg7 Rxg7 26. Bh6 Rg8 27. Rf1 Qd6 28. Rf7 Rxg3 29. Rf8+ Rg8 30. Rxg8+ Kxg8 31. Qe8+ Qf8 32. Qxf8# 1-0